000
00230nam a2200097Ia 4500
005
20251222114415.0
008
251222s1900||||xx |||||||||||||| ||spa||
082
_a
DVD0070/C73/2010/BR
245
0
_a
True Grit:Valor de ley
942
_c
DVD
999
_c
2185
_d
2185